000 00220nam a22000857a 4500
008 160704b xxu||||| |||| 00| 0 eng d
100 _92072
_a Anand, U
245 _aBe Prepared
260 _aNew Delhi
_bNational Book Trust
_c1975
999 _c1769
_d1769